Politika podpory MSP v procese globalizácie
Úloha štátu v riadenej a podnikateľskej ekonomike. Politika podpory malých a stredných podnikov (MSP) v globalizovanej ekonomike. Podpora inovácií a networking. Tri generácie inovačnej politiky podľa OECD. Oblasti, v ktorých sa prejavuje inovačná politika. Teoretické prístupy k realizácii politiky p...
Guardado en:
| Autor principal: | |
|---|---|
| Otros Autores: | |
| Formato: | Capítulo de libro |
| Lenguaje: | eslovaco |
| Materias: | |
| Etiquetas: |
Sin Etiquetas, Sea el primero en etiquetar este registro!
|
MARC
| LEADER | 00000naa$a2200000$$$4500 | ||
|---|---|---|---|
| 001 | 0053984 | ||
| 005 | 20240502071626.6 | ||
| 041 | 0 | |a slo | |
| 044 | |a SK | ||
| 245 | 1 | 0 | |a Politika podpory MSP v procese globalizácie |c Rudolf Pástor, Štefan Rehák |
| 520 | |a Úloha štátu v riadenej a podnikateľskej ekonomike. Politika podpory malých a stredných podnikov (MSP) v globalizovanej ekonomike. Podpora inovácií a networking. Tri generácie inovačnej politiky podľa OECD. Oblasti, v ktorých sa prejavuje inovačná politika. Teoretické prístupy k realizácii politiky podpory MSP v procese globalizácie - nástroje informačných a komunikačných technológií. Politika podpory informačných a komunikačných technológií. Iniciatíva nazvaná "i2010: Európska informačná spoločnosť". Výroba a využívanie IT. Podpora využívania IT. Podpora rastu inovatívnych MSP schopných odolať konkurencii zahraničných firiem v Slovenskej republike. | ||
| 610 | 2 | 0 | |a podnik malý |
| 610 | 2 | 0 | |a podnik stredný |
| 610 | 2 | 0 | |a prostredie podnikateľské |
| 610 | 2 | 0 | |a štát |
| 610 | 2 | 0 | |a podpora podnikania |
| 610 | 2 | 0 | |a inovácia |
| 610 | 2 | 0 | |a technológie informačné |
| 610 | 2 | 0 | |a technológie komunikačné |
| 610 | 2 | 0 | |a produkcia |
| 610 | 2 | 0 | |a efektívnosť |
| 610 | 2 | 0 | |a vzdelávanie |
| 610 | 2 | 0 | |a globalizácia |
| 610 | 2 | 0 | |a konkurencieschopnosť |
| 100 | 1 | |a Pástor, Rudolf | |
| 700 | 1 | |a Rehák, Štefan, 1974- | |